000 00455nam a22001337a 4500
003 SGT
082 _a617.692
_bC18R
100 _aPANKAJ KUMAR, RITWAL
245 _aCOMPARATIVE EVALUATION OF PERIODONTAL PARAMETERS AND CRESTAL BONE LEVELS AS INFLUENCED BY DIFFERENT CROWN AND BRIDGE MATERIALS (PFM) & ZIRCONIA ) AN IN VIVO STUDY
260 _aDELHI NCR
_bSGT UNIVERSITY GURUGRAM
_c2017
300 _a1-96
650 _aPROSTHODONTICS
942 _2ddc
_cTH
999 _c17110
_d17110